LEADER 01361nam a2200313 a 4500 001 000000121744 003 CaOOAMICUS 005 20100514101537.0 008 100514t2010 it u000 u ita r 020 $a978-88-7402-574-9 040 $aPUL$bita$dReb 082 04$a791.43 100 1 $aRomano, Eugenia.$0(OLS)http://pul/name/76263 245 12$aL'altra visione :$bdonne che dicono Dio nel cinema /$cEugenia Romano, Andrea Bigalli ; prefazione di Stefano Socci. 260 $aCantalupa (To) :$bEffatà,$c©2010. 300 $a318 p. ;$c21 cm 490 1 $aSui generis ;$v06 504 $aBibliografia in nota. 650 4$aCinema$xDonne e Dio.$0(OLS)http://pul/subject/36841 700 1 $aBigalli, Andrea.$0(OLS)http://pul/name/76264 700 1 $aSocci, Stefano.$0(OLS)http://pul/name/76265 830 0$aSui generis ;$v06.$0(OLS)http://pul/title/140449 850 $aPUL 852 $aPUL$W1$xSL Cons. Gen., Altre Classi 3$y75$m791. 43 ROMEU 1$j139729$qDDC 21$B138923$CPULBib$Z2$F138923 $H113723 $82 941 1 $a9 996 $6020$a978-88-7402-574-9$9(OLS)http://pul/number/144201 996 $6082$a791.43$9(OLS)http://pul/classification/531 996 $6245$aL'altra visione :$bdonne che dicono Dio nel cinema$9(OLS)http://pul/title/153168 996 $6260$aCantalupa (To) :$bEffatà$9(OLS)http://pul/publisher/68547 LEADER 01601nam a2200325 u 4500 001 000000052244 003 CaOOAMICUS 005 20070226115428.0 008 001012s1962 fr h u000 u fre u 035 $a10858001 040 $aPUL(R)$bita$dPUL(R) 100 1 $aMontaigne, Michel de,$d1533-1592.$0(OLS)http://pul/name/18102 240 10$aOpere$9(Montaigne, Michel Eyquem de, 1533-1592).$0(OLS)http://pul/title/70076 245 10$aEssais /$cMontaigne. 246 36$aEssais de Montaigne 260 $aParis :$bEditions Garnier Frères,$c1962. 300 $a2 v., c. di tav :$bfacs. ;$c22 cm 490 1 $aClassiques Garnier 500 $a"Edition conforme au texte de l'exemplaire de Bordeaux avec les additions de l'éditions de l'édition posthume, les principlaes variantes, une introduction, des notes et un index par Maurice Rat". 504 $aBibliografia xliii-xlix. 830 0$aClassiques Garnier.$0(OLS)http://pul/title/36788 850 $aPUL 852 $aPUL$W1$xSL Filosofia 2$y80$mPhil D3 17.1-2$j69096$nBK-PRI$b $qStampati altre collocazioni$B69096$CPULBib$Z2$F69096 $H $81 852 $aPUL$W1$xSL Filosofia 2$y80$mPhil D3 17.1-2$j69096$nBK-PRI$b $qStampati altre collocazioni$B69097$CPULBib$Z2$F69097 $H $81 941 1 $a10 961 $aINV: Fondo Ciprotti 961 $aINV: Fondo Ciprotti 996 $6245$aEssais$9(OLS)http://pul/title/70077 996 $6246$aEssais de Montaigne$9(OLS)http://pul/title/70078 996 $6260$aParis :$bEditions Garnier Frères$9(OLS)http://pul/publisher/68240